| 000 | 00502nam a2200205Ia 4500 | ||
|---|---|---|---|
| 001 | 12665 | ||
| 003 | GE_BSU | ||
| 008 | 181216s||||||||xx |||||||||||||| ||und|| | ||
| 040 | _cGE_BSU | ||
| 100 | _aГлинка,К.П. | ||
| 245 | _aПочвоведение | ||
| 245 | _cПод.ред.А.С.Фатьянова | ||
| 260 | _aМосква | ||
| 260 | _bКолос | ||
| 260 | _c1972 | ||
| 300 | _a480стр.илл. | ||
| 300 | _eТаблицы | ||
| 653 | _aПочвоведение | ||
| 942 | _cBK | ||
| 999 |
_c45836 _d45836 |
||